1907 1057 1788 1018 1983 1442 1805 1792 1611 1280 1802 1709 1039 1590 1481 1198 1831 1568 1604 1056 1908 1585 1730 1924 1301 1186 1403 1478 1851 1648 1653 1721 1100 1101 1875 1290 1657 1495 1250 1727 1623 1655 1808 1469 1202 1991 1963 1339 2000 1769 1599 1656 1933 1641 1570 1735 1280 1219 1524 1747 1807 1582 1448 1834 1361 1321 1660 1215 1128 1776 1224 1892 1901 1593 1801 1151 1076 1376 1655 1972 1812 1977 1270 1063 1048 1097 1350 1778 1100 1676 1709 1508 1562 1309 1094 1232 1574 1377 1401 BCNSPRNW ULIB Ver.6.0+V

เปลี่ยนเป็นภาษาไทย

Change to English
 แสดงรายละเอียดบรรณานุกรม
  กลับหน้าหลัก

Brief Record : Get Marc (ISO 2709) : E-mail record : QR code < ปิดหน้าต่าง
LEADER : 00000nam 2200000uu 4500
001    13399125492
003     ULIB
008    170614s2559||||th 000 0 tha d
020    ^a9786165519991
060  0 ^aWC 100 ก581I
100 0  ^aกำพล สุวรรณพิมลกุล :บรรณาธิการ และคณะ
245 00 ^aINFECTIOUS DISEASE EMERGENCIES /กำพล สุวรรณพิมลกุล :บรรณาธิการ และคณะ
250    ^aพิมพ์ครังที่ 1
260    ^aกรุงเทพฯ : สาขาวิชาโรคติดเชื้อ ภาควิชาอายุรศาสตร์ คณะแพทย์ศาสตร์ จุฬาลงกรณ์มหาวิทยาลัย
300    ^a323 หน้า : มีภาพประกอบ.
650  0 ^aโรคติดต่อ
650  0 ^aDISEASE
650  0 ^aภาวะฉุกเฉิน
650  0 ^aDISEASE EMERGENCIES
945    ^p450^l0^i25180
945    ^p450^l0^i25181
999    ^aกัณชพร
รายการนี้ยังไม่มีแท็ก
คุณยังไม่ได้ล็อกอิน คุณสามารถมีกิจกรรมร่วมกับเว็บไซต์ได้ แต่ต้องล็อกอินก่อน ::
  ล็อกอิน

รายการสื่อสารสนเทศ

ลำดับที่ ประเภท เลขเรียก/บาร์โค้ด สถานที่ สถานะ
1. หนังสือสำรอง
หนังสือสำรอง
WC 100 ก581I ฉ.1 
  Barcode: 25180
ห้องสมุดวิทยาเขตนครสวรรค์
►หนังสือทั่วไป:l:General Books
บนชั้น
2. วิทยาศาสตร์การแพทย์ และสุขภาพ
วิทยาศาสตร์การแพทย์ และสุขภาพ
WC 100 ก581I ฉ.2 
  Barcode: 25181
ห้องสมุดวิทยาเขตนครสวรรค์
►หนังสือทั่วไป:l:General Books
บนชั้น

รายการใกล้เคียง
    ชื่อเรื่อง [INFECTIOUS DISEASE EMERGENCIES /กำพล สุวรรณพิมลกุล :บรรณาธิการ และคณะ]

    ผู้แต่ง [กำพล สุวรรณพิมลกุล :บรรณาธิการ และคณะ]

    หัวเรื่อง [โรคติดต่อ]
    หัวเรื่อง [DISEASE]
    หัวเรื่อง [ภาวะฉุกเฉิน]
    หัวเรื่อง [DISEASE EMERGENCIES]

BibComment


ยังไม่เคยถูกคอมเมนท์

คอมเมนท์ทรัพยากรรายการนี้
  คอมเมนท์: INFECTIOUS DISEA..


 Copyright 2026. Bcnsprnw @Library